Score 0/26 Timer 10:00
3 Plays Today
% Correct
Kung Fu Panda 3
93.7%
Malcolm in the Middle
88.4%
Seinfeld
85.3%
The Office
83.2%
The X-Files
81.8%
Ace Ventura: Pet Detective
80.8%
Better Call Saul
68.7%
Community
59%
Arrested Development
56.2%
Friday Night Lights
55.3%
BoJack Horseman
48.6%
Airplane!
47.8%
Deadwood
42.4%
% Correct
Godzilla
39.4%
Robot Chicken
39%
The Jungle Book
37.7%
Do the Right Thing
35.8%
Little Miss Sunshine
31.7%
Wayne's World 2
29.3%
Fargo
28.3%
Starship Troopers
24.7%
Flight of the Conchords
11.1%
The Michael J. Fox Show
10.8%
Central Intelligence
10.5%
Parenthood
8.4%
Major Crimes
5.3%

You're not logged in!

Compare scores with friends on all Sporcle quizzes.
OR
Log In

Sporcle TV

Today on Sporcle TV


Watch our educational content, quiz creation guides, and fun videos on Sporcle TV.

Show Comments

Extras

Top Quizzes Today


Score Distribution

Paid Content

Your Account Isn't Verified!

In order to create a playlist on Sporcle, you need to verify the email address you used during registration. Go to your Sporcle Settings to finish the process.

Report this User

Report this user for behavior that violates our Community Guidelines.

Details: